Novedades documentales del CIDEA, selección de documentos sobre empresas agropecuarias, agroindustrias, comercio exterior /

Guardado en:
Autor Principal: Tesoro, José Luis.
Autor Corporativo: Universidad Nacional del Centro de la Provincia de Buenos Aires. Centro de Información y Documentación en Economía y Administración.
Formato: Libro
Idioma:Spanish
Publicado: Tandil : CIDEA, 1993.
Series:Novedades documentales del CIDEA ; nº 1
Etiquetas: Agregar Etiqueta
Sin Etiquetas, Sea el primero en etiquetar este registro!
LEADER 00753nam a22001815a 4500
001 EEA.libagro005493
005 20180626121244.0
008 130809s1993####ag############000#0#spa#d
082 0 4 |a 338.1 
082 0 4 |a 658.93 
082 0 4 |a 382.41 
100 1 |a Tesoro, José Luis. 
245 0 0 |a Novedades documentales del CIDEA, selección de documentos sobre empresas agropecuarias, agroindustrias, comercio exterior /  |c José Luis Tesoro. 
260 |a Tandil :  |b CIDEA,  |c 1993. 
300 |a 21 p. ;  |c 28 cm. 
490 1 |a Novedades documentales del CIDEA ;  |v nº 1 
710 2 |a Universidad Nacional del Centro de la Provincia de Buenos Aires.  |b Centro de Información y Documentación en Economía y Administración. 
859 |a AR-BbBCA  |b BIB. AGRONOMIA  |h B338.1  |i T337  |p 1996/2807